England...or New England? - Statistics

General Stats
  • This quiz has been taken 155 times
  • The average score is 12 of 15
Answer Stats
Question Answer % Correct
Is part of the U.K.? England
100%
Birthplace of Shakespeare? England
100%
Has a monarch? England
100%
Named by explorer John Smith? New England
100%
Borders the Atlantic Ocean? Both
89%
Participated in the Korean War? Both
89%
Has a parliamentary system of government? England
89%
Where the Industrial Revolution started? England
89%
Beat the Spanish Armada? England
89%
Has a sports team called the Celtics? New England
89%
Has a population under 50 million? New England
78%
Has the larger area? New England
78%
Territory includes Block Island? New England
78%
Has a colder average temperature? New England
56%
Has a city called Essex? New England
0%
No matching quizzes found
Score Distribution
Percent of People with Each Score
Percentile by Number Answered
Your Score History
You have not taken this quiz